00605nam a2200205 a 450000100060000000300080000600500170001400800410003103500190007204000350009104100080012608200240013410000310015824500610018926000270025030000280027750000190030560000340032465000410035851970BD-RjUL20211209075734.0160905s1955 enka 001 0beng d a(BD-RjUL)52090 aBD-RjULbengcBD-RjULdBD-RjUL aeng 223a925.3bKEM 19551 aKendall, James,d1889-197810aMichael Faraday :bman of simplicity /cby James Kendall aLondon :bFaber,c1955 a190 p. :bill. ;c21 cm aIncludes index10aFaraday, Michael,d1791-1867. 0aScientistszGreat BritainvBiography